Language Quiz

Random Language Quiz

Most Common Hard + Soft G Words Quiz Stats

 Plays Quiz not verified by Sporcle

Challenge
Share
Tweet
Embed
Score 0/30 Timer 06:00
0 Plays Today
RANK WORD % Correct
Hard - 1go
100%
Hard - 5great
80%
Hard - 3give
75.4%
Hard - 2get
73.8%
Hard - 8game
63.1%
Hard - 9grow
63.1%
Hard - 4good
58.5%
Soft - 6gene
58.5%
Hard - 10girl
52.3%
Soft - 12gentle
50.8%
Hard - 13goal
47.7%
Soft - 14gym
46.2%
Hard - 11guy
43.1%
Soft - 1general
43.1%
Soft - 11gesture
36.9%
RANK WORD % Correct
Soft - 5gender
35.4%
Hard - 6group
33.8%
Soft - 8giant
33.8%
Hard - 15glass
32.3%
Soft - 7gentleman
30.8%
Hard - 7government
24.6%
Soft - 3generally
24.6%
Soft - 15generous
24.6%
Soft - 9genetic
23.1%
Hard - 12ground
21.5%
Soft - 13genuine
20%
Soft - 2generation
16.9%
Soft - 4generate
16.9%
Hard - 14growth
13.8%
Soft - 10gently
13.8%

You're not logged in!

Compare scores with friends on all Sporcle quizzes.
Join for Free
OR
Log In

You Might Also Like...

Show Comments

Extras

Created Aug 19, 2016ReportNominate
Tags:common, hard, soft, starting

Top Quizzes Today


Score Distribution

Your Account Isn't Verified!

In order to create a playlist on Sporcle, you need to verify the email address you used during registration. Go to your Sporcle Settings to finish the process.

Report this User

Report this user for behavior that violates our Community Guidelines.

Details: